Catégories et structures / (Record no. 7984)
[ view plain ]
| 000 -LEADER | |
|---|---|
| fixed length control field | 00688nam a2200241 a 4500 |
| 001 - CONTROL NUMBER | |
| control field | 7984 |
| 003 - CONTROL NUMBER IDENTIFIER | |
| rucl marc code | BD-RjUL |
| 005 - DATE AND TIME OF LATEST TRANSACTION | |
| control field | 20211208234515.0 |
| 008 - FIXED-LENGTH DATA ELEMENTS--GENERAL INFORMATION | |
| fixed length control field | 140116s1965 fr a 001 0 fre d |
| 035 ## - SYSTEM CONTROL NUMBER | |
| System control number | (BD-RjUL)8029 |
| 040 ## - CATALOGING SOURCE | |
| Original cataloging agency | BD-RjUL |
| Language of cataloging | eng |
| Transcribing agency | BD-RjUL |
| 041 ## - LANGUAGE CODE | |
| Language code of text/sound track or separate title | eng |
| 082 00 - DEWEY DECIMAL CLASSIFICATION NUMBER | |
| Classification number | 512.55 |
| Author mark and year | EHC 1965 |
| 100 1# - MAIN ENTRY--PERSONAL NAME | |
| Personal name | Ehresmann, Charles. |
| 9 (RLIN) | 24915 |
| 245 10 - TITLE STATEMENT | |
| Title | Catégories et structures / |
| Statement of responsibility, etc. | by Charles Ehresmann |
| 260 ## - PUBLICATION, DISTRIBUTION, ETC. (IMPRINT) | |
| Place of publication, distribution, etc. | Paris : |
| Name of publisher, distributor, etc. | Dunod, |
| Date of publication, distribution, etc. | 1965. |
| 300 ## - PHYSICAL DESCRIPTION | |
| Pagination | xiv, 358 p. ; |
| Size | 25 cm. |
| 504 ## - BIBLIOGRAPHY, ETC. NOTE | |
| Bibliography, etc | Includes index. |
| Bibliography, etc | Bibliography: p.[343]-348 |
| 650 #0 - SUBJECT ADDED ENTRY--TOPICAL TERM | |
| Topical term or geographic name as entry element | Categories (Mathematics) |
| 9 (RLIN) | 20659 |
| 830 #0 - SERIES ADDED ENTRY--UNIFORM TITLE | |
| Uniform title | Travaux et recherches mathématiques ; |
| 942 ## - ADDED ENTRY ELEMENTS (KOHA) | |
| Source of classification or shelving scheme | Dewey Decimal Classification |
| Koha item type | Books |
| Lost status | Source of classification or shelving scheme | Damaged status | Not for loan | Collection code | Permanent Location | Current Location | Shelving location | Date acquired | Source of acquisition | Cost, normal purchase price | Total Checkouts | Full call number | Date last seen | Copy number | Koha item type |
|---|---|---|---|---|---|---|---|---|---|---|---|---|---|---|---|
| Dewey Decimal Classification | Non-fiction | Central Library, University of Rajshahi | Central Library, University of Rajshahi | 16/05/1977 | Heffers and Sons. | 19.66 | 512.55 EHC 1965 | 16/01/2014 | C-10 | Books | |||||
| Dewey Decimal Classification | Non-fiction | Central Library, University of Rajshahi | Central Library, University of Rajshahi | 16/05/1977 | Heffer abd songs | 19.66 | 512.55 EHC 1965 | 27/08/2016 | C-2 | Books | |||||
| Dewey Decimal Classification | Non-fiction | Central Library, University of Rajshahi | Central Library, University of Rajshahi | 16/05/1977 | Heffer abd songs | 19.66 | 512.55 EHC 1965 | 27/08/2016 | C-3 | Books | |||||
| Dewey Decimal Classification | Non-fiction | Central Library, University of Rajshahi | Central Library, University of Rajshahi | 16/05/1977 | Heffer abd songs | 19.66 | 512.55 EHC 1965 | 27/08/2016 | C-4 | Books | |||||
| Dewey Decimal Classification | Non-fiction | Central Library, University of Rajshahi | Central Library, University of Rajshahi | 16/05/1977 | Heffer abd songs | 19.66 | 512.55 EHC 1965 | 27/08/2016 | C-5 | Books |